| 000 | 00683nab a2200193 4500 | ||
|---|---|---|---|
| 001 | 244442 | ||
| 003 | OSt | ||
| 005 | 20240618081858.0 | ||
| 007 | tu | ||
| 008 | 200917s2020||||||| | ||
| 040 |
_aDE-2950 _cDE-2950 |
||
| 245 | 0 | 0 |
_aWas der Viadrina-Präsident zum Studentenschwund sagt _bUniversität. Eduard Mühle äußert sich im Interview zur Kritik des Wissenschaftsrates zur Zusammenarbeit mit der Stadt und zur Ukraine/ _cSelim Pekel, Thomas Gutke |
| 264 | _c2024 | ||
| 653 | _aFrankfurt (Oder) | ||
| 653 | _aEuropauniversität | ||
| 653 | _aStudentenschwund | ||
| 773 | 0 |
_g35. Jahrgang (2024) Nr. 113 vom 16.05.2024, S. 15 mit Foto _tMärkische Oderzeitung |
|
| 942 |
_2z _cA |
||
| 999 |
_c373166 _d373166 |
||